Aralıq dənizi şəhərləri (Xəritəli) - Statistics

General Stats
  • This quiz has been taken 6 times
  • The average score is 9 of 40
Answers on the Map
Answers color-coded by a green-red scale on the quiz's map according to % correct below.
 
Answer Stats
Şəhər % Correct
İzmir
67%
Roma
67%
Afina
50%
Barselona
50%
Benqazi
50%
Əlcəzair
50%
Genuya
50%
Marsel
50%
Tripoli
50%
Tunis
50%
Venesiya
50%
Antalya
33%
Beyrut
33%
Cəbəllüttariq
33%
Hayfa
33%
İsgəndəriyyə
33%
Saloniki
33%
Valletta
33%
Malaqa
17%
Neapol
17%
Port-Səid
17%
Rodos
17%
Valensiya
17%
Alikante
0%
Ayaçço
0%
Bari
0%
Dubrovnik
0%
İbiza
0%
İraklion
0%
Kalyari
0%
Kataniya
0%
Korfu
0%
Larnaka
0%
Nitsa
0%
Pafos
0%
Palermo
0%
Palma-de-Malyorka
0%
Split
0%
Təl-Əviv
0%
Triest
0%
No matching quizzes found
Score Distribution
Percent of People with Each Score
Percentile by Number Answered
Your Score History
You have not taken this quiz